[Event "Sabadell Coral Colon op 9th"]
[Site "Sabadell"]
[Date "2015.02.27"]
[Round "4"]
[White "Kostelac Montesdeoca, Jose Manu"]
[Black "Villa Cardenas, Jorge"]
[Result "1/2-1/2"]
[WhiteElo "2003"]
[BlackElo "1872"]
[PlyCount "43"]
[EventDate "2015.02.06"]
[EventType "swiss"]
[EventRounds "9"]
[EventCountry "ESP"]
[SourceTitle "EXT 2016"]
[Source "ChessBase"]
[SourceDate "2015.10.08"]
[SourceVersion "1"]
[SourceVersionDate "2015.10.08"]
[SourceQuality "1"]

1. d4 d5 2. c4 Nf6 3. Nc3 c6 4. Nf3 Qc7 5. cxd5 Nxd5 6. e4 Nxc3 7. bxc3 Bg4 8. Bc4 e6 9. 0-0 Be7 10. h3 Bh5 11. a4 Nd7 12. e5 Rd8 13. g4 Bg6 14. Qe2 Nb6 15. Bb3 0-0 16. h4 h5 17. Ng5 hxg4 18. Qxg4 Bf5 19. Qh5 c5 20. Be3 Nd5 21. Bd2 Nxc3 22. Bxc3 1/2-1/2

[Event "Sabadell Coral Colon op 9th"]
[Site "Sabadell"]
[Date "2015.02.13"]
[Round "2"]
[White "Campos Cayuelas, Adria"]
[Black "Kostelac Montesdeoca, Jose Manu"]
[Result "1-0"]
[WhiteElo "2141"]
[BlackElo "2003"]
[PlyCount "34"]
[EventDate "2015.02.06"]
[EventType "swiss"]
[EventRounds "9"]
[EventCountry "ESP"]
[SourceTitle "EXT 2016"]
[Source "ChessBase"]
[SourceDate "2015.10.08"]
[SourceVersion "1"]
[SourceVersionDate "2015.10.08"]
[SourceQuality "1"]

1. d4 g6 2. e4 Bg7 3. Nc3 d6 4. Bg5 Nf6 5. e5 dxe5 6. dxe5 Nfd7 7. e6 fxe6 8. Bc4 Nb6 9. Qxd8+ Kxd8 10. 0-0-0+ Ke8 11. Bb3 Bxc3 12. bxc3 c5 13. Be3 Na6 14. Nf3 c4 15. Bxb6 cxb3 16. Rd8+ Kf7 17. Ng5+ Kf6 1-0

[Event "Llinars op Tardor Llinars d I"]
[Site "Llinars del Valles"]
[Date "2009.10.09"]
[Round "2.3"]
[White "Kostelac Montesdeoca, Jose Manu"]
[Black "Buldo Polls, Joan"]
[Result "1/2-1/2"]
[WhiteElo "1846"]
[BlackElo "2110"]
[PlyCount "36"]
[EventDate "2009.10.02"]
[EventType "swiss"]
[EventRounds "9"]
[EventCountry "ESP"]
[SourceTitle "EXT 2024"]
[Source "ChessBase"]
[SourceDate "2023.10.10"]
[SourceVersion "1"]
[SourceVersionDate "2023.10.10"]
[SourceQuality "1"]

1. d4 Nf6 2. c4 g6 3. Nc3 d5 4. cxd5 Nxd5 5. Bd2 Bg7 6. e4 Nxc3 7. Bxc3 0-0 8. Bc4 Nd7 9. Nf3 c5 10. d5 Bxc3+ 11. bxc3 Qc7 12. 0-0 Ne5 13. Nxe5 Qxe5 14. Qd3 g5 15. Rae1 Bd7 16. Qe3 b5 17. Bb3 b4 18. f4 gxf4 1/2-1/2

[Event "Llinars del Valles op 3rd"]
[Site "Llinars del Valles"]
[Date "2009.04.25"]
[Round "2"]
[White "Kostelac Montesdeoca, Jose Manu"]
[Black "Ruiz Manchon, Francesco Xavier"]
[Result "0-1"]
[WhiteElo "1847"]
[BlackElo "2141"]
[PlyCount "72"]
[EventDate "2009.04.18"]
[EventType "swiss"]
[EventRounds "7"]
[EventCountry "ESP"]
[SourceTitle "EXT 2011"]
[Source "ChessBase"]
[SourceDate "2010.11.26"]
[SourceVersion "1"]
[SourceVersionDate "2010.11.26"]
[SourceQuality "1"]

1. d4 Nf6 2. c4 c5 3. d5 e6 4. Nc3 exd5 5. cxd5 d6 6. e4 g6 7. f4 Bg7 8. Nf3 0-0 9. Bd3 Re8 10. 0-0 Bg4 11. Qc2 Bxf3 12. Rxf3 a6 13. a4 Nbd7 14. Bd2 Qc7 15. Bc4 Nb6 16. Bf1 Re7 17. a5 Nbd7 18. Bc4 Rae8 19. Re1 b5 20. axb6 Nxb6 21. Bxa6 Nbxd5 22. Nxd5 Nxd5 23. exd5 Rxe1+ 24. Bxe1 Rxe1+ 25. Rf1 Bd4+ 26. Kh1 Qa5 27. Bc4 Qa1 28. Qd3 Rxf1+ 29. Qxf1 Qxb2 30. h3 Kg7 31. Bd3 Qd2 32. Bc4 h5 33. g4 hxg4 34. hxg4 Qe3 35. Be2 Qg3 36. f5 g5 0-1